The Pakistan Army 1966-71 (Record no. 7305)

000 -LEADER
fixed length control field 00354 a2200133 4500
082 ## - DEWEY DECIMAL CLASSIFICATION NUMBER
Classification number 355.0095491
090 ## - LOCALLY ASSIGNED LC-TYPE CALL NUMBER (OCLC); LOCAL CALL NUMBER (RLIN)
-- 3394
-- 3394
100 ## - MAIN ENTRY--PERSONAL NAME
Personal name Shaukat Riza
245 ## - TITLE STATEMENT
Title The Pakistan Army 1966-71
Statement of responsibility, etc. Shaukat Riza
260 ## - PUBLICATION, DISTRIBUTION, ETC.
Place of publication, distribution, etc. Lahore:
Name of publisher, distributor, etc. Services Book Club,
Date of publication, distribution, etc. 1990.
300 ## - PHYSICAL DESCRIPTION
Extent 240 p. :
Other physical details ill. ;
Dimensions 24 cm.
500 ## - GENERAL NOTE
General note Includes Index
942 ## - ADDED ENTRY ELEMENTS (KOHA)
Koha item type Book
Call number prefix 355.0095491 SHA
Holdings
Withdrawn status Lost status Damaged status Not for loan Collection code Permanent Location Current Location Shelving location Date acquired Source of acquisition Cost, normal purchase price Total Checkouts Full call number Barcode Date last seen Date last checked out Price effective from Koha item type
          Central Library (CL) Central Library (CL) General Stacks 05/18/2009 Donation 0.00 1 355.0095491 SHA SEECS009342 12/27/2024 12/17/2024 01/05/2017 Book
© 2023 Central Library, National University of Sciences and Technology. All Rights Reserved.